| 000 | 02002nam2a22002651 4500 | ||
|---|---|---|---|
| 001 | RU\NLR\IC100\5000003494 | ||
| 005 | 20250617133728.0 | ||
| 035 | _a(NLR Aleph) 002635988 | ||
| 090 |
_a3743586 _c3743586 |
||
| 100 | _a20040906d1964 |||y0rusy50 ca | ||
| 101 | 0 | _arus | |
| 102 | _aRU | ||
| 105 | _ay ||||||||| | ||
| 200 | 0 | _aВып.36 | |
| 210 |
_d1964 _aБ. м. |
||
| 225 | 1 |
_a... _vВып.36 _i... _vСб.8 |
|
| 461 | 0 |
_1001RU\NLR\INFOCOMM19\5000025000 _12001#$aСборник научных работ$fМ-во черной металлургии СССР. Центр. науч.-исслед. ин-т черной металлургии им. И.П. Бардина$vВып.36 _91909364 _aЦентральный научно-исследовательский институт черной металлургии им. И.П. Бардина (Москва) _cМ. _d1948-1972 _fМ-во черной металлургии СССР. Центр. науч.-исслед. ин-т черной металлургии им. И.П. Бардина _nМеталлургия _tСборник научных работ _vВып.36 |
|
| 462 | 0 |
_1001RU\NLR\IC100\5000003492 _12001#$aПроблемы металловедения и физики металлов$fМ-во металлург. пром. СССР. Центр. науч.-исслед. ин-т черной металлургии. Ин-т металловедения и физики металлов$vСб.8 _93743570 _cМ. _d1949-1968 _fМ-во металлург. пром. СССР. Центр. науч.-исслед. ин-т черной металлургии. Ин-т металловедения и физики металлов _nМеталлургиздат _tСборник научных работ. - Проблемы металловедения и физики металлов _vСб.8 |
|
| 801 | 1 |
_aRU _bInfoComm _c20040906 |
|
| 801 | 0 |
_aRU _bNLR _gPSBO |
|
| 852 |
_aNLR _jП10/765 |
||
| 942 | _cISSUE | ||
| 980 | _aNB | ||
| 980 | _aRUSPER | ||